000 00625nam a2200229Ia 4500
003 OSt
005 20220918190937.0
006 a|||||r|||| 00| 0
007 ta
008 220917b |||||||| |||| 00| 0 eng d
024 _a60,567
037 _cTextual
040 _aARTS
_cARTS
_beng
041 _2eng
_aeng
082 _aQ0aY, M4
100 _aWolf E R
_974232
245 0 _aReligion power and protest in local communities
_b the northen shore of the mediterranean
260 _aBerlin
_bMouton
_c1984
650 _aRELIGION
942 _hQ0aY, M4
_cTEXL
_2CC
999 _c187485
_d187485